Tentzonhuehue: el simbolismo del cuerpo y la naturaleza
Saved in:
| Hovedforfatter: | |
|---|---|
| Format: | Bog |
| Sprog: | spansk |
| Udgivet: |
Ciudad de México
Plaza y Valdés
1998
|
| Udgivelse: | 1a. ed |
| Serier: | Colección Historia. Serie Antropología
|
| Fag: | |
| Tags: |
Tilføj Tag
Ingen Tags, Vær først til at tagge denne postø!
|
MARC
| LEADER | 00000nam a2200000 a 4500 | ||
|---|---|---|---|
| 001 | UCJ2893 | ||
| 003 | CL-VaPUC | ||
| 008 | 070119e19980000MX |||||||||||||||||spa|d | ||
| 020 | |a 9688566144 | ||
| 082 | 0 | 4 | |a 972.48 |b FAG |2 21 |
| 100 | 0 | |a Fagetti, Antonella |e author |9 503941 | |
| 245 | 1 | 0 | |a Tentzonhuehue: el simbolismo del cuerpo y la naturaleza |
| 250 | |a 1a. ed | ||
| 300 | |a 267 p | ||
| 942 | |c BK | ||
| 945 | |d 20070119 00:00:00 |a jtorresc | ||
| 260 | |a Ciudad de México |b Plaza y Valdés |c 1998 | ||
| 500 | |a Donación de la Dra. Marianne Peronard Thierry | ||
| 650 | 7 | |a INDIOS DE MEXICO |2 CL-VaPUC |9 255267 | |
| 650 | 7 | |a MITOLOGIA INDIGENA |2 CL-VaPUC |9 268054 | |
| 650 | 0 | |a Tradición oral |9 321175 | |
| 651 | 0 | |a México |9 255269 | |
| 583 | |a last modification |c 20070119 00:00:00 |k Rodrigo Vera | ||
| 490 | 0 | |a Colección Historia. Serie Antropología | |
| 999 | |c 319022 |d 319020 | ||
| 952 | |0 0 |1 0 |4 0 |6 972_480000000000000_FAG_1998 |7 0 |8 A |9 397254 |a FDOPOS |b FDOPOS |d 2019-11-22 |i 4318692 |o 972.48 FAG 1998 |p 4318692 |r 2025-01-22 |w 2019-11-22 |y BK |k MLA | ||